| 000 | 00474nam a2200169Ia 4500 | ||
|---|---|---|---|
| 001 | 18876 | ||
| 005 | 20260306171703.0 | ||
| 008 | 260306s9999||||xx |||||||||||||| ||und|| | ||
| 041 | _aESP | ||
| 082 |
_a658.514 _bY28 |
||
| 100 |
_aYáñez, Fran _eAUT |
||
| 245 | 0 |
_aLa meta es la industria 4.0: _bdescubre la tecnología que hace posible la nueva revolución industrial |
|
| 300 |
_a121 páginas : _c24 cm. |
||
| 650 | _aGEN | ||
| 654 | _aCAN | ||
| 942 |
_cLIB _dJUS _fJUS _2ddc _n |
||
| 999 |
_c18876 _d18876 |
||